000 00894nam a2200241 a 4500
005 20240509064242.0
008 991125s2006 mx 000 0 spa u
020 _a9689082418
035 _aUPN01000187124
049 _aLTG
050 4 _aLB2002 A1.46
_bC6.4 2006
245 0 3 _aLa comprensión lectora en la escuela /
_cJoaquín Nicanor Alvarez Aceves ... [et al.].
250 _a2a ed.
260 _aMéxico :
_bSEP,
_c2006.
300 _a39 p. :
_bil.
440 0 _aPrograma Nacional para la Actualización Permanente de los Maestros de Educación Básica en Servicio.
_pTalleres Generales de Actualización
500 _a"Primaria"
650 4 _aMaestros en servicio, Formación de
_9390
650 4 _aComprensión lectora
_91537
700 1 _aAlvarez Aceves, Joaquín Nicanor,
_ecoaut.
710 1 _aMéxico.
_bSubsecretaría de Educación Básica y Normal
_927954
905 _aLibro
999 _c159227
_d159227